000 00723cam a22002294a 4500
001 e 10001082
003 DLC
005 20260227111153.0
008 990601s1880 fr b 000 0 fre
010 _ae 10001082
040 _aDLC
_cDLC
042 _apcc
043 _ae-fr---
050 0 0 _aL28
_b.M78 1880
100 1 _aMoussac, Jean de.
245 1 3 _aLa Ligue de l'enseignement :
_bhistoire, doctrines, oeuvres, résultats et projets /
_cpar Jean de Moussac.
260 _aParis :
_bLibr. de la Société bibliographique,
_c1880.
300 _a284 p. ;
_c19 cm.
504 _aIncludes bibliographical references.
650 0 _aEducation
_zFrance
_xSocieties, etc.
610 2 0 _aLigue française de l'enseignement.
999 _c19001
_d19001